00750nam a2200241Ia 4500001000700000003000500007008004100012010001100053020001800064040000900082082001900091100002300110245010500133250001100238260006400249300001500313503001700328504003700345650004400382650002300426700003100449700002800480Z_5740CHAP220113s2004 xx 000 0 und d a168846 a0-13-047475-4 cCHAP a633.2 H65 2004 aHolechek, Jerry L. aRange management : principles and practices /cJerry L. Holechek, Rex D. Pieper y Carlton H. Herbel a5a ed. aEstados Unidos de América :bPearson Pretice Hall,c2004 axv, 607 p. aej.1: 240998 aIncluye bibliografá e índice aPastizalesxEstados Unidos de América aPastizalesxManejo a Herbel, Carlton H, coaut. aPieper, Rex D., coaut.